00301nam a2200109Ia 4500008004000000082001300040100002400053245003400077260004400111300001100155650002500166210210b1974 xxu||||| |||| 00| 0 eng d a540 ANDC aANDREWS (Donald H). aChemistry: a humanistic view. aLondonbMcGraw Hill Kogakusha Ltdc1974 axv,396 aChemistry Humanistic